[Event "Saint Denis op"]
[Site "Saint Denis"]
[Date "2022.10.13"]
[Round "8"]
[White "Molines, Martin"]
[Black "Boyer, Mathis"]
[Result "1/2-1/2"]
[WhiteElo "1037"]
[BlackElo "1190"]
[PlyCount "61"]
[EventDate "2022.10.13"]
[EventType "swiss"]
[EventRounds "9"]
[EventCountry "RUF"]
[SourceTitle "EXT 2024"]
[Source "ChessBase"]
[SourceDate "2023.10.10"]
[SourceVersion "1"]
[SourceVersionDate "2023.10.10"]
[SourceQuality "1"]

1. e4 e6 2. d4 d5 3. exd5 exd5 4. Nf3 Nf6 5. Bd3 Nc6 6. Qe2+ Qe7 7. Qxe7+ Bxe7 8. Bf4 Bg4 9. Nbd2 Rc8 10. c3 a6 11. h3 Bxf3 12. Nxf3 0-0 13. Bf5 Rce8 14. 0-0 Bd8 15. Rfe1 Ne7 16. Bd3 Nd7 17. Ng5 Ng6 18. Be3 Rxe3 19. Rxe3 Bxg5 20. Rg3 Nf4 21. Bxh7+ Kxh7 22. Rxg5 f6 23. Rg4 g5 24. Re1 Rf7 25. h4 Kg6 26. Re3 Kf5 27. f3 Rh7 28. hxg5 fxg5 29. Rg3 c5 30. b4 c4 31. a4 1/2-1/2

[Event "Saint Denis op"]
[Site "Saint Denis"]
[Date "2022.10.13"]
[Round "6"]
[White "Sawmynaden, Vicken"]
[Black "Boyer, Mathis"]
[Result "1-0"]
[WhiteElo "1644"]
[BlackElo "1190"]
[PlyCount "101"]
[EventDate "2022.10.13"]
[EventType "swiss"]
[EventRounds "9"]
[EventCountry "RUF"]
[SourceTitle "EXT 2024"]
[Source "ChessBase"]
[SourceDate "2023.10.10"]
[SourceVersion "1"]
[SourceVersionDate "2023.10.10"]
[SourceQuality "1"]

1. d4 Nf6 2. Bf4 e6 3. e3 c5 4. c4 Nc6 5. Nc3 cxd4 6. exd4 Bb4 7. Nf3 Bxc3+ 8. bxc3 d5 9. c5 Ne4 10. Qc2 Qa5 11. Rc1 b6 12. Bd3 Bb7 13. Bxe4 dxe4 14. Qxe4 Qxa2 15. 0-0 Nd8 16. Qe5 0-0 17. cxb6 Bxf3 18. gxf3 Qd5 19. Qxd5 exd5 20. bxa7 Rxa7 21. c4 Nc6 22. Be3 Ne7 23. Bd2 Ra4 24. c5 Rxd4 25. Be3 Rc4 26. Rxc4 dxc4 27. Rc1 Rc8 28. Rxc4 Kf8 29. Bf4 Ke8 30. Bd6 Nf5 31. Bf4 Ne7 32. Kg2 Rc6 33. Kf1 Nf5 34. Ke2 Kd7 35. Kd3 g6 36. Kc3 Ke6 37. Re4+ Kf6 38. Kc4 g5 39. Bc1 Nd6+ 40. Kd5 Rxc5+ 41. Kxc5 Nxe4+ 42. fxe4 Ke5 43. Bxg5 Kxe4 44. f4 f5 45. Kd6 h5 46. Ke6 h4 47. h3 Kf3 48. Kxf5 Kg3 49. Kg6 Kxh3 50. Bxh4 Kg4 51. Bg5 1-0

[Event "Reunion op 17th"]
[Site "St Denis"]
[Date "2015.10.10"]
[Round "4"]
[White "Boyer, Mathis"]
[Black "Caminade, Hugo"]
[Result "0-1"]
[WhiteElo "1210"]
[BlackElo "1247"]
[PlyCount "96"]
[EventDate "2015.10.10"]
[EventType "swiss"]
[EventRounds "9"]
[EventCountry "RUF"]
[SourceTitle "CBM 168 Extra"]
[Source "ChessBase"]
[SourceDate "2015.10.29"]
[SourceVersion "1"]
[SourceVersionDate "2015.10.29"]
[SourceQuality "1"]

1. e4 d6 2. Nf3 g6 3. Bc4 Bg7 4. Ng5 e6 5. Nc3 Qxg5 6. g3 Qd8 7. d3 c5 8. Be3 Nc6 9. Na4 a6 10. c3 b5 11. Bb3 bxa4 12. Bxa4 Bb7 13. Qb3 Qc7 14. d4 d5 15. exd5 exd5 16. Qxd5 Rd8 17. Qxc5 Nge7 18. 0-0 0-0 19. Bf4 Qd7 20. Be5 Qd5 21. Bxg7 Kxg7 22. Qxd5 Rxd5 23. Bxc6 Bxc6 24. Rae1 Nc8 25. Re3 Nd6 26. Rd1 Nc4 27. Re2 Rd6 28. b3 Bf3 29. bxc4 Bxe2 30. Re1 Bxc4 31. a3 Rc8 32. Rb1 Bb5 33. Rb3 Ba4 34. Rb4 Bd1 35. Rb1 Bc2 36. Ra1 Rxc3 37. d5 Rxd5 38. Kg2 Be4+ 39. Kh3 Rh5+ 40. Kg4 Bf5+ 41. Kf4 Rc4+ 42. Kf3 Bg4+ 43. Kg2 Rc2 44. Rf1 Rf5 45. Kg1 Bh3 46. Re1 Rfxf2 47. a4 Rg2+ 48. Kf1 Rcf2# 0-1